The Lonely Island Charting Songs (Billboard Hot 100) - Statistics

General Stats
  • This quiz has been taken 55 times
  • The average score is 5 of 7
Answer Stats
Album Weeks On Peak Artist(s) Song % Correct
Turtleneck & Chain 11 Weeks #30 The Lonely Island ft. Akon I Just Had Sex
96%
Incredibad 20 Weeks #56 The Lonely Island ft. T-Pain I'm on a Boat
89%
Turtleneck & Chain 2 Weeks #69 The Lonely Island ft. Michael Bolton Jack Sparrow
87%
The Wack Album 1 Week #60 The Lonely Island ft. Adam Levine & Kendrick Lamar YOLO
82%
The Lego Movie Soundtrack 3 Weeks #57 Tegan and Sara ft. The Lonely Island Everything is AWESOME!!!
67%
Incredibad 1 Week #72 The Lonely Island Jizz in My Pants
60%
Turtleneck & Chain 1 Week #82 The Lonely Island ft. Nicki Minaj The Creep
60%
No matching quizzes found
Score Distribution
Percent of People with Each Score
Percentile by Number Answered
Your Score History
You have not taken this quiz